LEADER 01167nam0 22002651i 450 001 UON00393924 005 20231205104625.251 100 $a20110614d1986 |0itac50 ba 101 $afre 102 $aFR 105 $a|||| ||||| 200 1 $aBroussais et le matérialisme$emédicine et philosophie au 19. siecle$fJean-Francois Braunstein - Paris$eMéridiens Klincksieck, 1986 - 326 p. ; 23 cm. 410 1$1001UON00393927$12001 $aPhilosophie - Paris$eMéridiens Klincksieck. 606 $aBROUSSAIS FRANÇOIS J.V.$3UONC078502$2FI 606 $aMedicina e filosofia$xSec. 19.$3UONC078503$2FI 620 $aFR$dParis$3UONL002984 676 $a610.1$cMEDICINA. Filosofia e teoria$v20 700 1$aBraunstein$bJean-François$3UONV202659$0413703 712 $aMéridiens Klincksieck$3UONV276500$4650 801 $aIT$bSOL$c20250801$gRICA 899 $aSIBA - SISTEMA BIBLIOTECARIO DI ATENEO$2UONSI 912 $aUON00393924 950 $aSIBA - SISTEMA BIBLIOTECARIO DI ATENEO$dSI FS 04544 $eSI FP 5662 5 996 $aBroussais et le matérialisme$91350460 997 $aUNIOR